| 000 | 00975nam a2200277 a 4500 | ||
|---|---|---|---|
| 008 | |||
| 020 | _a9024736897 (hbk.) | ||
| 049 | _aMAIN | ||
| 090 | _aHC241.2STR | ||
| 245 | 0 | 4 |
_aThe Structure of European industry / _cedited by H.W. de Jong. |
| 250 | _a2nd rev. ed. | ||
| 260 |
_aDordrecht [Netherlands] : _bKluwer Academic Publishers, _cc1988. |
||
| 300 |
_axii, 394 p. : _bill. ; _c25 cm. |
||
| 440 | 0 |
_aStudies in industrial organization ; _vv. 8. |
|
| 504 | _aIncludes bibliographical references: p.386-388. | ||
| 500 | _aIncludes index. | ||
| 650 | 0 |
_aIndustrial concentration _zEuropean Economic Community countries. |
|
| 650 | 0 |
_aCompetition _zEuropean Economic Community countries. |
|
| 650 | 0 |
_aIndustries _zEuropean Economic Community countries. |
|
| 700 | 1 | _aJong, H. W. de. | |
| 907 |
_a.b10150870 _b06-07-05 _c07-02-05 |
||
| 003 | |||
| 005 | 20230123133921.0 | ||
| 040 | _cNUST | ||
| 942 |
_cBOOKS _kHC241.2STR |
||
| 999 |
_c156845 _d156845 |
||